000
00299nam a22001337a 4500
008
181101b xxu||||| |||| 00| 0 eng d
020
_a
080125050
041
_a
eng
080
_a
910
100
_a
42
101
_a
GJEO
245
_a
An Introduction to Marine Geology
_c
Keen, M.J
942
_2
udc
_c
BK
999
_c
51540
_d
51540